Efektívnosť zavádzania systémov manažérstva v podnikoch cestovného ruchu
Identifikácia efektívnosti implementácie manažérskych systémov v organizáciách, pôsobiacich na slovenskom trhu.
Gespeichert in:
| 1. Verfasser: | |
|---|---|
| Format: | Buchkapitel |
| Sprache: | Slowakisch |
| Schlagworte: | |
| Tags: |
Keine Tags, Fügen Sie das erste Tag hinzu!
|
MARC
| LEADER | 00000naa$a2200000$$$4500 | ||
|---|---|---|---|
| 001 | 0289776 | ||
| 005 | 20240502074437.2 | ||
| 041 | 0 | |a slo | |
| 044 | |a SK | ||
| 245 | 1 | 0 | |a Efektívnosť zavádzania systémov manažérstva v podnikoch cestovného ruchu |c Mária Halenárová |
| 520 | |a Identifikácia efektívnosti implementácie manažérskych systémov v organizáciách, pôsobiacich na slovenskom trhu. | ||
| 610 | 2 | 0 | |a systém riadenia kvality |
| 610 | 2 | 0 | |a efektívnosť |
| 610 | 2 | 0 | |a normy |
| 610 | 2 | 0 | |a manažment |
| 100 | 1 | |a Halenárová, Mária, 1994- | |